000 00661nam a2200157 4500
001 120750
003 ES-MaACL
005 20230906191621.0
007 t|
008 070214s1905 sp r ||||1| spa d
100 0 _aPólit Buxareu, Isidro.
_992830
245 1 0 _aLey de Maxwell acerca de la distribución de las velocidades moleculares de un gas
_b: memoria presentada por Isidro Polit y Buxareu pra aspirar al grado de Doctor en Ciencias físico-matemáticas (27 de Junio de 1904) /
_cIsidro Polit y Buxareu.
260 _aBarcelona :
_b[s.n.],
_c1905 (
_fImp. de la Casa provincial de Caridad)
300 _a32 p. ;
_c21 cm.
852 _aES-MaACL
_jT-1078-F-2
999 _c120750
_d120750